[Event "Vrnjacka banja"]
[Site "Vrnjacka banja"]
[Date "2013.??.??"]
[Round "4.5"]
[White "Jovanovic, Dusan D"]
[Black "Milosevic, Boban"]
[Result "1-0"]
[WhiteElo "2415"]
[BlackElo "2273"]
[PlyCount "161"]
[EventDate "2013.10.10"]

1. Nf3 Nf6 2. c4 g6 3. Nc3 Bg7 4. e4 d6 5. d4 O-O 6. Be2 Nbd7 7. O-O e5 8. Bg5
h6 9. Bh4 g5 10. Bg3 Nh5 11. d5 Nf4 12. Nd2 a5 13. a3 Nc5 14. b4 axb4 15. axb4
Rxa1 16. Qxa1 Nxe2+ 17. Nxe2 Na6 18. Qa3 f5 19. exf5 Bxf5 20. Nc3 Qf6 21. Nce4
Qg6 22. f3 g4 23. b5 Nb8 24. b6 gxf3 25. gxf3 cxb6 26. Qxd6 h5 27. Qxg6 Bxg6
28. Kg2 Nd7 29. Ra1 Bh6 30. Ra7 Rb8 31. Bh4 Bxd2 32. Nxd2 Kf7 33. Kf2 Bf5 34.
Ke3 Nc5 35. Ra1 Rg8 36. Bg3 Kf6 37. Ra2 Rc8 38. Rb2 Nd7 39. Ra2 Rg8 40. Ke2 Kg5
41. Ra7 Rb8 42. Bf2 Kf6 43. Ra1 Rg8 44. Rg1 Ra8 45. h4 Ra2 46. Rg5 Bg6 47. Be3
Rc2 48. f4 exf4 49. Bxf4 Bf5 50. Be3 Bg6 51. Bd4+ Kf7 52. Ke3 Rc1 53. Rg2 Rh1
54. Nf3 Bf5 55. Rg7+ Kf8 56. d6 Rf1 57. Ng5 Bg4 58. Rh7 Ke8 59. Rh8+ Rf8 60.
Rh7 Kd8 61. Re7 Kc8 62. Bg7 Rg8 63. Ne4 Kb8 64. Nc3 Rc8 65. Kd4 Bh3 66. Nb5 Bg4
67. Nc7 Rg8 68. Ke3 Bh3 69. Kf4 Bg4 70. Kg5 Rd8 71. Bd4 Rg8+ 72. Kf4 Rf8+ 73.
Ke3 Rg8 74. Kd3 Rf8 75. Kc3 Rg8 76. Kb4 Rc8 77. Re3 Rd8 78. Kb5 Kc8 79. Nd5 Kb8
80. Ra3 Be6 81. Nc7 1-0

[Event "DRUGA LIGA CENTRALNE SRBIJE - Zapad"]
[Site "Vrnjacka banja"]
[Date "2013.??.??"]
[Round "4.5"]
[White "Avramovic, Zoran"]
[Black "Popovic, Predrag R"]
[Result "1/2-1/2"]
[WhiteElo "2330"]
[BlackElo "2257"]
[PlyCount "181"]
[EventDate "2013.10.10"]

1. f4 d5 2. Nf3 Nf6 3. e3 Bg4 4. Be2 c6 5. O-O Nbd7 6. d4 e6 7. Nbd2 Bd6 8. Ne5
Bxe2 9. Qxe2 O-O 10. c3 Qe7 11. Rf3 Ne4 12. Nxe4 dxe4 13. Rf1 f6 14. Nc4 Bc7
15. b3 Rfd8 16. Ba3 Qf7 17. f5 Nb6 18. Nd2 exf5 19. Rxf5 Re8 20. c4 Qe6 21.
Raf1 Nd7 22. d5 cxd5 23. cxd5 Qa6 24. Qxa6 bxa6 25. Nc4 Be5 26. Rd1 Rad8 27.
Rf2 Nb6 28. Rfd2 Bc3 29. Rc2 Rxd5 30. Rxd5 Nxd5 31. Bc5 g6 32. Bxa7 f5 33. Kf2
Rc8 34. g3 Rc7 35. Bb8 Rc8 36. Bd6 Rc6 37. Ba3 a5 38. Bc1 a4 39. Bd2 axb3 40.
axb3 Bb4 41. Ra2 Rc7 42. Ra8+ Kf7 43. Rd8 Ke6 44. Rxd5 Kxd5 45. Bxb4 Rb7 46.
Be1 Rxb3 47. Nd2 Rb2 48. Ke2 Ra2 49. h3 g5 50. h4 h6 51. Kf1 Ke5 52. hxg5 hxg5
53. Nc4+ Kd5 54. Nd2 Rc2 55. Ke2 Ke5 56. Kd1 Rc6 57. Ke2 Rc2 58. Kd1 Ra2 59.
Ke2 Kf6 60. Kf1 Ra4 61. Kg2 Kg6 62. Bf2 Ra2 63. Be1 f4 64. gxf4 gxf4 65. Kf2
Kf5 66. exf4 Kxf4 67. Ke2 e3 68. Kd3 Ra3+ 69. Ke2 exd2 70. Bxd2+ Ke4 71. Bb4
Ra2+ 72. Kf1 Rb2 73. Bd6 Rc2 74. Kg1 Kd5 75. Bg3 Ke4 76. Bd6 Ke3 77. Kh1 Rc4
78. Kh2 Rc6 79. Be5 Rh6+ 80. Kg2 Rh5 81. Bd6 Rg5+ 82. Kh1 Kf2 83. Bh2 Rg6 84.
Be5 Rh6+ 85. Bh2 Kf3 86. Kg1 Rb6 87. Bc7 Rc6 88. Be5 Rc1+ 89. Kh2 Re1 90. Bc7
Re7 91. Bd6 1/2-1/2

[Event "DRUGA LIGA CENTRALNE SRBIJE - Zapad"]
[Site "Vrnjacka banja"]
[Date "2013.??.??"]
[Round "4.5"]
[White "Jakovljevic, Nenad"]
[Black "Mircic, Ivan"]
[Result "1/2-1/2"]
[WhiteElo "2080"]
[BlackElo "2254"]
[PlyCount "124"]
[EventDate "2013.10.10"]

1. e4 c5 2. Nf3 e6 3. d4 cxd4 4. Nxd4 a6 5. Nc3 Qc7 6. a3 Nf6 7. Be3 Be7 8. Be2
d6 9. O-O O-O 10. f4 Nc6 11. Qe1 Nd7 12. f5 Nxd4 13. Bxd4 Bf6 14. Bxf6 Nxf6 15.
Qd2 exf5 16. exf5 Qc5+ 17. Kh1 Bxf5 18. Rad1 Ne4 19. Nxe4 Bxe4 20. Bf3 d5 21.
c3 Rae8 22. h3 Re6 23. Qd4 Qb5 24. Qb4 Qc6 25. Qd4 Qc7 26. Kg1 Qe7 27. Qf2 Re8
28. Qd4 Qg5 29. Qd2 Qg6 30. Qf4 Rf6 31. Qg4 Bxf3 32. Qxg6 fxg6 33. gxf3 Re2 34.
Rf2 Rxf2 35. Kxf2 Rf5 36. Rd4 a5 37. Ra4 b6 38. Ke3 Kf7 39. b4 axb4 40. axb4
Rf6 41. Ra7+ Ke6 42. Rxg7 h5 43. Rb7 Ke5 44. Rd7 Rc6 45. Kd3 Kf4 46. Rxd5 Kg3
47. f4 Kxh3 48. Rg5 h4 49. c4 Kh2 50. c5 bxc5 51. bxc5 Ra6 52. Kd4 Ra4+ 53. Ke5
Rc4 54. Kd6 Rxf4 55. c6 Rf6+ 56. Kc5 Rf7 57. Kb6 h3 58. c7 Rxc7 59. Kxc7 Kh1
60. Kd6 h2 61. Rg3 g5 62. Ke5 g4 1/2-1/2

[Event "DRUGA LIGA CENTRALNE SRBIJE - Zapad"]
[Site "Vrnjacka banja"]
[Date "2013.??.??"]
[Round "4.5"]
[White "Rancic, Zoran"]
[Black "Stefanovic, Boban"]
[Result "1/2-1/2"]
[WhiteElo "2196"]
[BlackElo "2139"]
[PlyCount "58"]
[EventDate "2013.10.10"]

1. Nf3 d5 2. b3 Nf6 3. Bb2 Bf5 4. e3 Nbd7 5. Be2 e6 6. O-O Bd6 7. d4 O-O 8. Ne5
h6 9. c4 c6 10. Nd2 Ne4 11. Nxe4 Bxe4 12. f3 Bh7 13. Bd3 Bxd3 14. Qxd3 Qc7 15.
f4 f5 16. Nxd7 Qxd7 17. c5 Bc7 18. a4 g5 19. b4 a6 20. Bc3 Kh8 21. Qe2 Kg7 22.
Bd2 Bd8 23. Rfb1 Bf6 24. Bc3 Kh7 25. Qh5 Qg7 26. Rd1 Rg8 27. g3 g4 28. Kf2 Qg6
29. Qxg6+ Kxg6 1/2-1/2

[Event "DRUGA LIGA CENTRALNE SRBIJE - Zapad"]
[Site "Vrnjacka banja"]
[Date "2013.??.??"]
[Round "4.5"]
[White "Pajic, Boris"]
[Black "Trpkovic, Miroljub"]
[Result "0-1"]
[WhiteElo "2030"]
[BlackElo "1950"]
[PlyCount "48"]
[EventDate "2013.10.10"]

1. d4 d5 2. c4 e6 3. cxd5 exd5 4. Nc3 Nf6 5. Bg5 Be7 6. e3 O-O 7. Qc2 b6 8. Bd3
h6 9. Bh4 Ba6 10. Nge2 Bxd3 11. Qxd3 c6 12. O-O Re8 13. f3 Nbd7 14. e4 dxe4 15.
fxe4 Nxe4 16. Qxe4 Bxh4 17. Qxc6 Nf6 18. Rad1 Ng4 19. Rd3 Ne5 20. Qe4 Nxd3 21.
Qxd3 Qe7 22. Rf3 Bf6 23. Qc4 Rac8 24. Qb3 Rxc3 0-1